Laws in the hospitality industry : (Record no. 363114)
[ view plain ]
| 000 -LEADER | |
|---|---|
| fixed length control field | 00682nam a2200229Ia 4500 |
| 008 - FIXED-LENGTH DATA ELEMENTS--GENERAL INFORMATION | |
| fixed length control field | 191119s9999 xx 000 0 und d |
| 020 ## - INTERNATIONAL STANDARD BOOK NUMBER | |
| International Standard Book Number | 978-621-406-056-6 |
| 050 ## - LIBRARY OF CONGRESS CALL NUMBER | |
| Classification number | FIL G 155.P6 |
| 050 ## - LIBRARY OF CONGRESS CALL NUMBER | |
| Item number | .C34 2017 |
| 100 ## - MAIN ENTRY--PERSONAL NAME | |
| Personal name | Cagurangan, Tranquilino R. |
| 245 #0 - TITLE STATEMENT | |
| Title | Laws in the hospitality industry : |
| 245 #0 - TITLE STATEMENT | |
| Remainder of title | (the Philippine tourism laws simplified) / |
| 245 #0 - TITLE STATEMENT | |
| Statement of responsibility, etc | Tranquilino R. Cagurangan. |
| 250 ## - EDITION STATEMENT | |
| Edition statement | Revised Edition. |
| 260 ## - PUBLICATION, DISTRIBUTION, ETC. (IMPRINT) | |
| Place of publication, distribution, etc | Philippines : |
| 260 ## - PUBLICATION, DISTRIBUTION, ETC. (IMPRINT) | |
| Name of publisher, distributor, etc | Mindshapers, |
| 260 ## - PUBLICATION, DISTRIBUTION, ETC. (IMPRINT) | |
| Date of publication, distribution, etc | 2017 |
| 300 ## - PHYSICAL DESCRIPTION | |
| Extent | 162 pages : |
| 300 ## - PHYSICAL DESCRIPTION | |
| Dimensions | 23 cm. |
| 500 ## - GENERAL NOTE | |
| General note | Includes bibliographic references. |
| 650 ## - SUBJECT ADDED ENTRY--TOPICAL TERM | |
| Topical term or geographic name as entry element | Tourist trade -- Laws and legislation -- Philippines. |
| Withdrawn status | Lost status | Damaged status | Home library | Current library | Shelving location | Date acquired | Cost, normal purchase price | Total Checkouts | Full call number | Barcode | Date last seen | Price effective from | Koha item type |
|---|---|---|---|---|---|---|---|---|---|---|---|---|---|
| South Mansfield College | South Mansfield College | Filipiniana Section | 08/08/2019 | 325.00 | FIL G 155.P6 .C34 2017 | SMC06249 | 06/01/2020 | 06/01/2020 | Books |